Recuerdos de Filipinas, cosas, casos y usos de aquellas islas (Record no. 40167)

MARC details
000 -LEADER
campo de control de longitud fija 01024nam a2200229 i 4500
001 - NÚMERO DE CONTROL
campo de control 40167
003 - IDENTIFICADOR DE NÚMERO DE CONTROL
campo de control ES-MaACL
005 - FECHA Y HORA DE LA ÚLTIMA TRANSACCIÓN
campo de control 20240513211129.0
007 - CAMPO FIJO DE DESCRIPCIÓN FÍSICA--INFORMACIÓN GENERAL
campo de control de longitud fija t|
008 - DATOS DE LONGITUD FIJA--INFORMACIÓN GENERAL
campo de control de longitud fija 030305m18771879sp ||||1| spa d
080 ## - NÚMERO DE LA CLASIFICACIÓN DECIMAL UNIVERSAL
Número de la Clasificación Decimal Universal 39(599)"18"
100 1# - ENTRADA PRINCIPAL--NOMBRE DE PERSONA
Nombre de persona Cañamaque y Jiménez, Francisco,
Fechas asociadas al nombre 1851-1891
9 (RLIN) 34730
245 10 - MENCIÓN DEL TÍTULO
Título Recuerdos de Filipinas, cosas, casos y usos de aquellas islas
Resto del título : vistos, oidos, tocados y contados /
Mención de responsabilidad, etc. por Francisco Cañamaque ; con una carta prólogo de Patricio de la Escosura.
260 ## - PUBLICACIÓN, DISTRIBUCIÓN, ETC.
Lugar de publicación, distribución, etc. Madrid :
Nombre del editor, distribuidor, etc. Librería de Anillo y Rodríguez.,
Fecha de publicación, distribución, etc. 1877-1879 (
Fabricante J. Cruzado)
300 ## - DESCRIPCIÓN FÍSICA
Extensión 2 t. en 1 vol. (XX, 307; XIX, 273 p.) ;
Dimensiones 18 cm.
530 ## - NOTA DISPONIBLE DE FORMULARIO FÍSICO ADICIONAL
Nota de formato físico adicional disponible Disponible también en sitio web.
651 #4 - PUNTO DE ACCESO ADICIONAL DE MATERIA--NOMBRE GEOGRÁFICO
Nombre geográfico Filipinas-
Subdivisión general Usos y costumbres.
9 (RLIN) 137156
700 1# - ENTRADA AGREGADA--NOMBRE PERSONAL
Nombre de persona Escosura, Patricio de la,
Fechas asociadas al nombre 1807-1878
9 (RLIN) 47617
852 ## - LOCALIZACIÓN
Ubicación ES-MaACL
Número de control de estantería G-11684
856 ## - LOCALIZACIÓN Y ACCESO ELECTRÓNICOS
Identificador Uniforme de Recursos <a href="http://bibliotecadigitalhispanica.bne.es:80/webclient/DeliveryManager?pid=1846208&custom_att_2=simple_viewer">http://bibliotecadigitalhispanica.bne.es:80/webclient/DeliveryManager?pid=1846208&custom_att_2=simple_viewer</a>
Nota pública Ir a la página
Holdings
Estatus retirado Estado de pérdida Estado de daño No para préstamo Colección Biblioteca de origen Biblioteca actual Ubicación en estantería Fecha de adquisición Fuente de adquisición Total de préstamos Signatura topográfica completa Código de barras Visto por última vez Precio de reemplazo Tipo de ítem Koha
        Colección digital Biblioteca del Ateneo de Madrid Biblioteca del Ateneo de Madrid Sala Pecera Planta 3 17/01/2008     G-11684 1042289 23/02/2023 23/02/2023 Libro impreso antiguo